书目信息 |
| 题名: |
生态经济评论
|
|
| 作者: | 伍国勇 主编 | |
| 分册: | 第八辑 | |
| 出版信息: | 北京 中国社会科学出版社 2019 |
|
| 页数: | 307页 | |
| 开本: | 24cm | |
| 丛书名: | ||
| 单 册: | ||
| 中图分类: | F062.2-53 | |
| 科图分类: | ||
| 主题词: | 生态经济--文集 | |
| 电子资源: | ||
| ISBN: | 978-7-5203-4068-7 | |
| 000 | 00732nam0 2200229 450 | |
| 001 | 202019133698 | |
| 005 | 20190921113345.0 | |
| 010 | @a978-7-5203-4068-7@dCNY88.00 | |
| 100 | @a20190919d2019 em y0chiy50 ea | |
| 101 | 0 | @achi |
| 102 | @aCN@b110000 | |
| 105 | @ay z 000yy | |
| 106 | @ar | |
| 200 | 1 | @a生态经济评论@ASheng Tai Jing Ji Ping Lun@h第八辑@f伍国勇主编 |
| 210 | @a北京@c中国社会科学出版社@d2019 | |
| 215 | @a307页@d24cm | |
| 330 | @a本书分为“生态文化与经济研究”“社会治理研究”“民族学与人类学研究”和“书评”四个栏目,收录20篇学术论文。 | |
| 606 | 0 | @a生态经济@j文集 |
| 690 | @aF062.2-53@v5 | |
| 701 | 0 | @a伍国勇@AWu Guo Yong@4主编 |
| 801 | 0 | @aCN@c20190905 |
| 905 | @a河南城建学院图书馆@dF062.2-53@eW940:8 | |
| 生态经济评论.第八辑/伍国勇主编.-北京:中国社会科学出版社,2019 |
| 307页;24cm |
| ISBN 978-7-5203-4068-7:CNY88.00 |
| 本书分为“生态文化与经济研究”“社会治理研究”“民族学与人类学研究”和“书评”四个栏目,收录20篇学术论文。 |
| ● |
| 相关链接 |
|
|
|
正题名:生态经济评论
索取号:F062.2-53/W940:8
 
预约/预借
| 序号 | 登录号 | 条形码 | 馆藏地/架位号 | 状态 | 备注 |
| 1 | 1441142 | 214411420 | 社科二线422/409社科库 64排4列2层/ [索取号:F062.2-53/W940:8] | 在馆 | |
| 2 | 1441143 | 214411439 | 社科二线422/409社科库 64排4列2层/ [索取号:F062.2-53/W940:8] | 在馆 | |
| 3 | 1441144 | 214411448 | 社科库409/409社科库 64排4列2层/ [索取号:F062.2-53/W940:8] | 在馆 | |
| 4 | 1441145 | 214411457 | 社科库409/409社科库 64排4列2层/ [索取号:F062.2-53/W940:8] | 在馆 |